00472 a2200145 45000010006000000050017000060080041000230030015000640400040000790800031001192450078001502640047002283000020002751000031002952670920260407155545.0260407a1957 arg spa dAR-UNSa-BCEJYS aAR-UNSa-BCEJYSbspacAR-UNSa-BCEJYS a347(094.4)xCódigo Civil10aCódigo Civilpcon las notas de Vélez Sarfield y Leyes complementarias 1aBuenos Aires :bRoque Depalma Editorc1957 a1086 p.c20 cm.1 aArgentina [Código Civil]